00785naa#a2200205#i#4500001001500000005001700015011001400032100004100046101000800087102000700095200013100102210013900233215001000372608004500382700002600427700003200453700005200485700002400537856001800561RU\\bibl\8065020260415073352.3##a2076-0655##a20140625b2014####ek#y0rusy0150####ca0#aRUS##aRU1#aНАУЧНЫЕ ОСНОВЫ СПЕКАНИЯ В СИЛИКАТНЫХ ТЕХНОЛОГИЯХeЖурнальная статья1#aМоскваcИндивидуальный Предприниматель Самченко Светлана Васильевнаd2014##a3 с.##aЖурнальная статья2local#1aЗубехинgА П#1aГоловановаgС П#1aЯценкоgЕлена Альфредовна#1aЯценкоgН Д4#atsilicates.ru